000 00318nam a22001337a 4500
005 20250314093041.0
008 250314b |||||||| |||| 00| 0 eng d
020 _a9781505047844
050 _aQL 122.2.U53
100 _aBENDON
245 _aFUN FACTSV UNDER THE SEA
260 _aOHIO
_bBENDONPUB
942 _2lcc
_cBK
999 _c215075
_d215075